• 首页
  • 本馆介绍
  • 公告通知
  • 最新文献
  • 馆藏检索
  • 电子资源
  • 读者导购
  • 参考咨询
  • 我的图书馆
  • 登录
  • 详细信息显示
  • 放入我的书架
  • 预约/预借图书
  • 作者相关作品
  • 分类相关作品
  • 丛书相关作品
  • 出版社相关作品

书目信息

  • 表格格式
  • 工作单格式
  • 卡片格式
题名:
新闻采访学
    
 
作者: 蓝鸿文 编著
分册:  
出版信息: 北京   中国人民大学出版社  1984
页数: 264页
开本: 21cm
丛书名:
单 册:
中图分类: G212.1
科图分类:
主题词: 新闻写作
电子资源:
ISBN: 7-300-00165-3
000 00702nam0 2200253 45
001 0184014083
005 20061011162601.50
010    @dCNY16.00@a7-300-00165-3
100    @a19950224d1984 em y0chiy0121 ea
101 0  @achi
102    @aCN@b110000
102    @aCN@b110000
105    @ay z 000yy
200 10 @a新闻采访学@Axin wen cai fang xue@f蓝鸿文编著@FLan Hong Wen Bian Zhu
210    @a北京@c中国人民大学出版社@d1984
210    @a北京@c中国人民大学出版社
215    @a264页@d21cm
300    @a高等学校文科教材
606    @a新闻写作
690    @aG212.1@v3
701  0 @a蓝鸿文@4编著
801  2 @aCN@bNLC@c20061011
801  0 @aCN@b上海图书馆@c20041209
905    @f1@b121974@dG212.1@e30
    
    新闻采访学/蓝鸿文编著.-北京:中国人民大学出版社,1984.-北京:中国人民大学出版社
    264页;21cm
    高等学校文科教材
    
    ISBN 7-300-00165-3:CNY16.00
    
●
相关链接 在E读中查询图书 在五车中查询图书 在当当中查询图书 在豆瓣中查询图书


正题名:新闻采访学     索取号:G212.1/30         预约/预借

序号 登录号 条形码 馆藏地/架位号 状态 备注
1 0494660   204946602   密集书库/ [索取号:G212.1/30] 在馆    
唐山师范学院图书馆 欢迎您!
大连网信软件有限公司© 版权所有